| 000 | 00543nam a2200145 a 4500 | ||
|---|---|---|---|
| 008 | 120416s1977 ||||||||||||||||| || u | ||
| 050 | _aLE 3.N73M873 Gor | ||
| 100 | _aGorman, Jack | ||
| 245 | 1 | 0 | _aPere Murray and the hounds |
| 246 | _athe story of Saskachewan's Notre Dame College | ||
| 260 |
_aSidney _bGray's Publishing _c1977 |
||
| 300 | _axi, 164p. : ill. | ||
| 350 | _a0.00 | ||
| 995 |
_D0.00 _FCBU-MAIN LIBRARY (Kitwe) _H1 _I0.00 _M1 _UAVAILABLE _ZAnnex Low-Usage Collection |
||
| 999 |
_c53325 _d53325 |
||